000 00595cam a2200193 4500
001 D6164
008 090401t1980 xxu||||| |||| 00| 0 eng d
035 _a(Sirsi) u99533
041 _aeng
050 _a692.8
110 _aJoint Contracts Tribunal
_93664
245 _aJCT agreement for minor building works: supplementary memorandum [to 1980 ed.]
260 _aLondon
_bRIBA
_c1980
300 _a4p. 30cm
350 _a0.58
520 _aFiled in box JCT 1980/22A. with JCT agreement for minor building works 1980/21A and Practice note MI (1980/23A)
942 _n0
948 _c04/03/1997
999 _c99381
_d99381